banner-ar

الصقالبة فى قصور بنى امية فى الاندلس : (Record no. 61754)

MARC details
000 -الفاتح
حقل البيانات ثابتة الطول 01047nam a22002297a 4500
005 - وقت وتاريخ اخر تعامل مع التسجيلة
رقم الضبط 20240530110514.0
008 - عناصر البيانات ثابتة الطول - معلومات عامة
حقل البيانات ثابتة الطول 160113s2011 ua g b 000 0 ara d
040 ## - مصدر الفهرسة
وكالة الفهرسة الأصلية EG-CaGPL
082 04 - رقم تصنيف ديوى العشرى
رقم الطبعة 21
رقم التصنيف 953.0711\
رقم المادة ح ص
100 0# - المدخل الرئيسى - إسم شخصى
الإسم الشخصى حسين يوسف دويدار
245 ## - بيان العنوان
العنوان الصقالبة فى قصور بنى امية فى الاندلس :
بقية العنوان ( 138 - 422 هـ ) - ( 755 - 1031 م ) /
بيان المسئوليه,etc تقديم حسين يوسف دويدار ، عبدالفتاح مصطفى غنيمة ؛ اعداد حمادة فرج النجار
260 ## - PUBLICATION, DISTRIBUTION, ETC. (IMPRINT)
تاريخ النشر أو التوزيع 2011 .
300 ## - الوصف المادى
التعداد 294 ص ؛
أبعاد الوعاء 24 سم .
504 ## - تبصرة ببليوجرافية
تبصرة ببليوجرافية,الخ يشتمل على ارجاعات ببليوجرافية
650 04 - المدخل الاضافى بالموضوع-مصطلح موضوعى
مصطلح موضوعي تجارة الرقيق
650 04 - المدخل الاضافى بالموضوع-مصطلح موضوعى
مصطلح موضوعي الدولة الاموية فى الاندلس
650 04 - المدخل الاضافى بالموضوع-مصطلح موضوعى
مصطلح موضوعي دولة الصقالبة
700 0# - المدخل الاضافى - اسم شخصى
الإسم الشخصى عبدالفتاح مصطفى غنيمة
الدور مقدم
700 0# - المدخل الاضافى - اسم شخصى
الإسم الشخصى حمادة فرج النجار
الدور معد
942 ## - عناصر المدخل الإضافي( كوها)
مصدر التصنيف او مخطط الترفيف Dewey Decimal Classification
Koha [default] item type كتاب
260 ## - PUBLICATION, DISTRIBUTION, ETC. (IMPRINT)
-- الاسكندرية :
-- مؤسسة شباب الجامعة ،
Holdings
حالة التراجع حالة الفقد حالة تلف ليس للاعارة المكان المؤقت الموقع الحالى تاريخ الاكتساب اجمالي اﻻعارات رقم الطلب الباركود تاريخ اخر مشاهدة تاريخ تفعيل السعر نوع وعاء كوها
        مكتبة القاهرة الكبرى مكتبة القاهرة الكبرى 01/13/2016   953.0711\ ح ص 161129 01/13/2016 01/13/2016 كتاب

Powered By

EGPV